000 00486nam a2200169Ia 4500
999 _c22243
_d22243
003 OSt
005 20200320155905.0
008 190216s9999||||xx |||||||||||||| ||und||
040 _coclc
082 _a297.63
_bAFZ/L
100 _aAfzal, Omar
_92141
245 4 _aThe Life Of The Prophet Muhammad /
_cOmar Afzal
260 _bAktaba Alhasanat,
_c2000.
_aRampur:
300 _a167p
650 _aIslamic History
942 _cBK
_2ddc
_h297.63
_iAFZ/L
_k297.63
_mAFZ/L